000 01106nam a2200277Ia 4500
003 OSt
005 20220923211312.0
006 a|||||r|||| 00| 0
007 ta
008 220922b |||||||| |||| 00| 0 hin d
020 _a9788179757918 (hbk)
_c895
024 _a324,668
037 _b252, 13/03/2018, Shivalik Prakashan
_cTextual
040 _aARTS
_cARTS
_bhin
041 _2hin
_ahin
082 _aO152,6N27:g, Q6
100 _aचतुर्वेदी, जगदीश्वर, ले.
_9160200
245 0 _aनामवर सिंह और समीक्ष के सीमांत
246 _aNāmavar sianha aur samīkṣha ke sīmāanta
260 _aनई दिल्ली
_b अनामिका पब्लिशर्स
_c2016
300 _a341पृ.
_ccm.
650 _a हिन्दी साहित्य
_9156264
650 _aहिन्दी निबंध
942 _hO152,6N27:g, Q6
_cTEXL
_2CC
999 _c298270
_d298270